[Event "TeamRussiamenrapid"]
[Site "?"]
[Date "2016.10.05"]
[Round "3.10"]
[White "Predke, Alexandr"]
[Black "Dreev, Aleksey"]
[Result "1/2-1/2"]
[LiveChessVersion "1.4.4"]
[BlackElo "2690"]
[WhiteElo "2618"]

1. e4 {[%clk 0:15:18]} c6 {[%clk 0:13:31]} 2. d4 {[%clk 0:15:18]} d5
{[%clk 0:13:40]} 3. Nc3 {[%clk 0:15:26]} dxe4 {[%clk 0:13:49]} 4. Nxe4
{[%clk 0:15:35]} Bf5 {[%clk 0:13:57]} 5. Ng3 {[%clk 0:15:42]} Bg6
{[%clk 0:14:06]} 6. h4 {[%clk 0:15:15]} h6 {[%clk 0:14:14]} 7. Nf3
{[%clk 0:15:23]} e6 {[%clk 0:14:20]} 8. Ne5 {[%clk 0:15:11]} Bh7 {[%clk 0:14:29]}
9. Bd3 {[%clk 0:15:20]} Bxd3 {[%clk 0:14:37]} 10. Qxd3 {[%clk 0:15:28]} Nd7
{[%clk 0:14:44]} 11. f4 {[%clk 0:15:29]} c5 {[%clk 0:14:48]} 12. Be3
{[%clk 0:14:33]} Nxe5 {[%clk 0:14:52]} 13. fxe5 {[%clk 0:14:33]} cxd4
{[%clk 0:14:59]} 14. Qb5+ {[%clk 0:13:09]} Qd7 {[%clk 0:15:08]} 15. Qxd7+ Kxd7
{[%clk 0:15:16]} 16. O-O-O {[%clk 0:13:24]} Ne7 {[%clk 0:15:02]} 17. Rxd4+
{[%clk 0:12:22]} Ke8 {[%clk 0:15:09]} 18. Rhd1 {[%clk 0:12:08]} Nd5
{[%clk 0:15:08]} 19. Bd2 {[%clk 0:12:11]} Bc5 {[%clk 0:14:40]} 20. Rd3
{[%clk 0:11:41]} Be7 {[%clk 0:13:30]} 21. Ne4 {[%clk 0:10:05]} Rc8
{[%clk 0:12:49]} 22. b3 {[%clk 0:08:34]} b5 {[%clk 0:12:47]} 23. h5
{[%clk 0:08:18]} f5 {[%clk 0:11:59]} 24. exf6 {[%clk 0:08:23]} gxf6
{[%clk 0:12:08]} 25. g4 {[%clk 0:07:51]} Kf7 {[%clk 0:11:18]} 26. Rf1
{[%clk 0:07:50]} Kg7 {[%clk 0:11:07]} 27. Nc3 {[%clk 0:07:31]} Nxc3
{[%clk 0:09:20]} 28. Bxc3 {[%clk 0:07:39]} Rhd8 {[%clk 0:09:26]} 29. Rdf3
{[%clk 0:07:23]} Ba3+ {[%clk 0:08:33]} 30. Kb1 {[%clk 0:06:52]} e5
{[%clk 0:06:09]} 31. Ba5 {[%clk 0:05:05]} e4 {[%clk 0:06:18]} 32. Rxf6
{[%clk 0:04:40]} Rd1+ {[%clk 0:06:22]} 33. Rxd1 {[%clk 0:04:49]} Kxf6
{[%clk 0:06:31]} 34. Bd2 {[%clk 0:04:48]} Bc5 {[%clk 0:05:14]} 35. Rf1+
{[%clk 0:03:40]} Ke5 {[%clk 0:04:06]} 36. Rf5+ {[%clk 0:03:06]} Kd4
{[%clk 0:03:38]} 37. Bxh6 {[%clk 0:03:15]} e3 {[%clk 0:03:45]} 38. Kc1
{[%clk 0:01:13]} Ke4 {[%clk 0:03:24]} 39. Rf4+ {[%clk 0:00:30]} Ke5
{[%clk 0:03:33]} 40. Rf5+ {[%clk 0:00:22]} Ke4 {[%clk 0:03:42]} 41. Rf4+
{[%clk 0:00:21]} Ke5 {[%clk 0:03:51]} 42. Rf1 {[%clk 0:00:27]} Bb6
{[%clk 0:02:16]} 43. Kd1 {[%clk 0:00:14]} Rg8 {[%clk 0:01:31]} 44. Ke2
{[%clk 0:00:16]} Rxg4 {[%clk 0:01:38]} 45. Bxe3 {[%clk 0:00:25]} Rh4
{[%clk 0:01:42]} 46. Bxb6 {[%clk 0:00:20]} axb6 {[%clk 0:01:51]} 47. Kd2
{[%clk 0:00:14]} Rxh5 {[%clk 0:01:42]} 48. Kc3 {[%clk 0:00:23]} Rh4
{[%clk 0:01:47]} 49. a3 {[%clk 0:00:28]} Kd6 {[%clk 0:01:41]} 50. Rd1+
{[%clk 0:00:23]} Kc5 {[%clk 0:01:46]} 51. Rd3 {[%clk 0:00:31]} Rg4
{[%clk 0:01:47]} 52. Rf3 {[%clk 0:00:40]} Kc6 {[%clk 0:01:35]} 53. Rd3
{[%clk 0:00:36]} Kc5 {[%clk 0:01:40]} 54. Rd8 {[%clk 0:00:35]} Rg3+
{[%clk 0:01:39]} 55. Kb2 {[%clk 0:00:35]} Kc6 {[%clk 0:01:42]} 56. Rc8+
{[%clk 0:00:26]} Kb7 {[%clk 0:01:43]} 57. Rc3 {[%clk 0:00:35]} Rg4
{[%clk 0:01:31]} 58. Rf3 {[%clk 0:00:38]} Kc6 {[%clk 0:01:28]} 59. Kc3
{[%clk 0:00:39]} Rh4 {[%clk 0:01:36]} 60. Rf6+ {[%clk 0:00:39]} Kc7
{[%clk 0:01:42]} 61. Re6 {[%clk 0:00:47]} Rg4 {[%clk 0:01:46]} 62. Kd3
{[%clk 0:00:53]} Rh4 {[%clk 0:01:41]} 63. Re4 {[%clk 0:00:58]} Rh2
{[%clk 0:00:59]} 64. Kc3 {[%clk 0:00:45]} Kc6 {[%clk 0:00:56]} 65. Rd4
{[%clk 0:00:33]} Rg2 {[%clk 0:00:59]} 66. Rd2 {[%clk 0:00:32]} Rg4
{[%clk 0:00:58]} 67. Kd3 {[%clk 0:00:41]} b4 {[%clk 0:00:44]} 68. a4
{[%clk 0:00:36]} b5 {[%clk 0:00:52]} 69. axb5+ {[%clk 0:00:38]} Kxb5
{[%clk 0:01:00]} 70. Re2 {[%clk 0:00:47]} Rg5 {[%clk 0:00:27]} 71. Kd4
{[%clk 0:00:55]} Rg4+ {[%clk 0:00:31]} 72. Re4 {[%clk 0:01:00]} Rg2
{[%clk 0:00:41]} 73. Re5+ {[%clk 0:00:50]} Kb6 {[%clk 0:00:47]} 74. Kd3
{[%clk 0:00:59]} Rg3+ {[%clk 0:00:28]} 75. Re3 {[%clk 0:01:03]} Rg2
{[%clk 0:00:21]} 76. Re2 {[%clk 0:01:12]} Rg3+ {[%clk 0:00:26]} 77. Kc4
{[%clk 0:01:20]} Rg4+ {[%clk 0:00:35]} 78. Kd5 {[%clk 0:01:27]} Rg5+
{[%clk 0:00:38]} 79. Kd4 {[%clk 0:01:21]} Rg4+ {[%clk 0:00:43]} 80. Kd3
{[%clk 0:00:40]} Rg3+ {[%clk 0:00:49]} 81. Re3 {[%clk 0:00:45]} Rg2
{[%clk 0:00:46]} 82. Rh3 {[%clk 0:00:53]} Kc5 {[%clk 0:00:42]} 83. Rh5+
{[%clk 0:00:59]} Kb6 {[%clk 0:00:41]} 84. Re5 {[%clk 0:00:50]} Rg3+
{[%clk 0:00:45]} 85. Re3 {[%clk 0:00:31]} Rg2 {[%clk 0:00:49]} 86. Rf3
{[%clk 0:00:23]} Rh2 {[%clk 0:00:54]} 87. Rg3 {[%clk 0:00:27]} Kc5
{[%clk 0:00:56]} 88. Rg5+ {[%clk 0:00:31]} Kb6 {[%clk 0:01:01]} 89. Re5
{[%clk 0:00:31]} Rh3+ {[%clk 0:01:02]} 90. Re3 {[%clk 0:00:38]} Rh2
{[%clk 0:01:02]} 91. Re2 {[%clk 0:00:46]} Rh4 {[%clk 0:01:00]} 92. Re4
{[%clk 0:00:47]} Rh3+ {[%clk 0:01:08]} 93. Kd2 {[%clk 0:00:45]} Kc5
{[%clk 0:01:07]} 94. Re3 {[%clk 0:00:45]} Rh5 {[%clk 0:00:56]} 95. Kd3
{[%clk 0:00:42]} Rd5+ {[%clk 0:01:02]} 96. Ke2 {[%clk 0:00:51]} Rh5
{[%clk 0:01:09]} 97. Re4 {[%clk 0:00:54]} Rh2+ {[%clk 0:01:05]} 98. Kd3
{[%clk 0:01:02]} Rh3+ {[%clk 0:01:12]} 99. Re3 {[%clk 0:01:10]} Rh5
{[%clk 0:01:15]} 100. Rf3 {[%clk 0:01:05]} Rd5+ {[%clk 0:01:13]} 101. Ke4
{[%clk 0:01:07]} Rd4+ {[%clk 0:00:45]} 102. Ke3 {[%clk 0:01:09]} Rh4
{[%clk 0:00:32]} 103. Rf5+ {[%clk 0:01:13]} Kb6 {[%clk 0:00:28]} 104. Rf4
{[%clk 0:01:21]} Rh3+ {[%clk 0:00:37]} 105. Ke4 {[%clk 0:01:15]} Rc3
{[%clk 0:00:36]} 106. Kd5 {[%clk 0:01:09]} Rxc2 {[%clk 0:00:25]} 107. Rxb4+
{[%clk 0:01:17]} Ka5 {[%clk 0:00:16]} 108. Rc4 {[%clk 0:01:06]} Rb2
{[%clk 0:00:21]} 109. b4+ {[%clk 0:00:51]} 1/2-1/2

[Event "TeamRussiamenrapid"]
[Site "?"]
[Date "2016.10.05"]
[Round "3.11"]
[White "Popov, Ivan"]
[Black "Yuffa, Daniil"]
[Result "1/2-1/2"]
[LiveChessVersion "1.4.4"]
[BlackElo "2566"]
[WhiteElo "2695"]

1. e4 {[%clk 0:15:19]} c5 {[%clk 0:15:19]} 2. Nf3 {[%clk 0:15:26]} Nc6
{[%clk 0:15:24]} 3. Bb5 {[%clk 0:15:29]} g6 {[%clk 0:15:29]} 4. Bxc6
{[%clk 0:15:35]} bxc6 {[%clk 0:15:38]} 5. O-O {[%clk 0:15:39]} Bg7
{[%clk 0:15:44]} 6. Re1 {[%clk 0:15:45]} Nh6 {[%clk 0:15:42]} 7. c3
{[%clk 0:15:36]} O-O {[%clk 0:15:49]} 8. d4 {[%clk 0:15:45]} cxd4
{[%clk 0:15:57]} 9. cxd4 {[%clk 0:15:54]} d5 {[%clk 0:15:39]} 10. e5
{[%clk 0:16:02]} f6 {[%clk 0:15:38]} 11. exf6 {[%clk 0:16:10]} exf6
{[%clk 0:15:46]} 12. h3 {[%clk 0:16:07]} Nf7 {[%clk 0:14:29]} 13. Bf4
{[%clk 0:15:58]} g5 {[%clk 0:14:35]} 14. Bh2 {[%clk 0:15:58]} f5 {[%clk 0:14:34]}
15. Be5 {[%clk 0:15:01]} g4 {[%clk 0:13:27]} 16. Bxg7 {[%clk 0:14:47]} Kxg7
{[%clk 0:13:32]} 17. hxg4 {[%clk 0:10:12]} fxg4 {[%clk 0:13:41]} 18. Ne5
{[%clk 0:10:21]} Qh4 {[%clk 0:08:47]} 19. g3 {[%clk 0:03:31]} Qh6
{[%clk 0:06:53]} 20. Nxf7 {[%clk 0:02:24]} Rxf7 {[%clk 0:07:02]} 21. Qd2
{[%clk 0:02:26]} Bf5 {[%clk 0:05:04]} 22. Qxh6+ Kxh6 {[%clk 0:05:13]} 23. Nc3
{[%clk 0:02:17]} Raf8 {[%clk 0:04:14]} 24. Rad1 {[%clk 0:02:17]} Be4
{[%clk 0:01:48]} 25. Nxe4 {[%clk 0:02:09]} dxe4 {[%clk 0:01:57]} 26. Rd2
{[%clk 0:02:15]} Re8 {[%clk 0:01:53]} 27. Rde2 {[%clk 0:02:20]} Rfe7
{[%clk 0:02:00]} 28. Re3 {[%clk 0:01:47]} Re6 {[%clk 0:01:46]} 29. Rc1
{[%clk 0:01:30]} Rd8 {[%clk 0:01:15]} 30. Rc4 {[%clk 0:01:30]} Kg6
{[%clk 0:00:57]} 31. Kf1 {[%clk 0:01:29]} h5 {[%clk 0:00:59]} 32. Ke2
{[%clk 0:01:32]} Rf8 {[%clk 0:00:40]} 33. Rec3 {[%clk 0:01:34]} Rff6
{[%clk 0:00:35]} 34. Rc5 {[%clk 0:01:35]} Rd6 {[%clk 0:00:37]} 35. R3c4
{[%clk 0:01:42]} Rde6 {[%clk 0:00:35]} 36. Re5 {[%clk 0:01:34]} Rxe5
{[%clk 0:00:33]} 37. dxe5 {[%clk 0:01:43]} Re6 {[%clk 0:00:41]} 38. Rxe4
{[%clk 0:01:12]} Kf5 {[%clk 0:00:50]} 39. Ke3 {[%clk 0:00:20]} Rxe5
{[%clk 0:00:58]} 40. Rxe5+ {[%clk 0:00:29]} Kxe5 {[%clk 0:01:07]} 41. b4
{[%clk 0:00:29]} Kd5 {[%clk 0:00:57]} 42. Kd3 {[%clk 0:00:38]} Ke5
{[%clk 0:00:52]} 43. Ke3 {[%clk 0:00:43]} Kd5 {[%clk 0:01:01]} 44. Kd3
{[%clk 0:00:34]} Ke5 {[%clk 0:01:11]} 45. a3 {[%clk 0:00:35]} Kd5
{[%clk 0:01:14]} 46. a4 {[%clk 0:00:39]} Ke5 {[%clk 0:01:02]} 47. Ke3
{[%clk 0:00:37]} Kd5 {[%clk 0:01:11]} 48. Kd3 {[%clk 0:00:46]} Ke5
{[%clk 0:01:21]} 49. Ke4+ 1/2-1/2

[Event "TeamRussiamenrapid"]
[Site "?"]
[Date "2016.10.05"]
[Round "3.12"]
[White "Lugovskoy, Maxim"]
[Black "Motylev, Alexander"]
[Result "0-1"]
[LiveChessVersion "1.4.4"]
[BlackElo "2669"]
[WhiteElo "2491"]

1. e4 {[%clk 0:15:18]} c5 {[%clk 0:14:51]} 2. Nf3 {[%clk 0:15:26]} Nc6
{[%clk 0:14:59]} 3. c3 {[%clk 0:15:34]} d5 {[%clk 0:14:46]} 4. exd5
{[%clk 0:15:43]} Qxd5 {[%clk 0:14:54]} 5. d4 {[%clk 0:15:52]} Bg4
{[%clk 0:15:02]} 6. Be2 {[%clk 0:16:00]} e6 {[%clk 0:14:40]} 7. O-O
{[%clk 0:15:54]} cxd4 {[%clk 0:14:44]} 8. cxd4 {[%clk 0:14:46]} Nf6
{[%clk 0:14:52]} 9. Nc3 {[%clk 0:14:52]} Qa5 {[%clk 0:15:00]} 10. Be3
{[%clk 0:12:20]} Bd6 {[%clk 0:14:22]} 11. h3 {[%clk 0:12:13]} Bf5
{[%clk 0:13:59]} 12. Nh4 {[%clk 0:11:21]} Be4 {[%clk 0:12:42]} 13. Nxe4
{[%clk 0:10:59]} Nxe4 {[%clk 0:12:50]} 14. Bd3 {[%clk 0:10:18]} Nf6
{[%clk 0:12:54]} 15. Nf3 {[%clk 0:10:25]} O-O {[%clk 0:12:33]} 16. Qe2
{[%clk 0:10:19]} Nb4 {[%clk 0:12:21]} 17. Bb1 {[%clk 0:09:02]} Nbd5
{[%clk 0:12:21]} 18. Nd2 {[%clk 0:06:48]} Rfd8 {[%clk 0:09:01]} 19. Ne4
{[%clk 0:06:48]} Be7 {[%clk 0:07:15]} 20. a3 {[%clk 0:06:27]} Rac8
{[%clk 0:07:03]} 21. Bd3 {[%clk 0:06:02]} Qb6 {[%clk 0:06:24]} 22. Rac1
{[%clk 0:05:36]} g6 {[%clk 0:06:25]} 23. Rfd1 {[%clk 0:05:16]} Nh5
{[%clk 0:06:03]} 24. Nc3 {[%clk 0:03:21]} Nhf4 {[%clk 0:04:23]} 25. Qc2
{[%clk 0:02:40]} Nxc3 {[%clk 0:03:47]} 26. bxc3 {[%clk 0:02:29]} Nd5
{[%clk 0:03:50]} 27. c4 {[%clk 0:02:18]} Nxe3 {[%clk 0:03:48]} 28. fxe3
{[%clk 0:02:27]} Qc7 {[%clk 0:03:57]} 29. a4 {[%clk 0:01:53]} e5 {[%clk 0:03:52]}
30. Be4 {[%clk 0:01:02]} Bg5 {[%clk 0:03:35]} 31. Rb1 {[%clk 0:00:45]} Bxe3+ 32.
Kh1 b6 {[%clk 0:03:14]} 33. dxe5 {[%clk 0:00:58]} Qxe5 {[%clk 0:03:18]} 34. Rxd8+
{[%clk 0:01:00]} Rxd8 {[%clk 0:03:27]} 35. Bd5 {[%clk 0:01:09]} Bc5
{[%clk 0:03:14]} 36. Rf1 {[%clk 0:01:12]} Bd6 {[%clk 0:03:04]} 37. g4
{[%clk 0:01:15]} Rd7 38. Qf2 Kg7 {[%clk 0:02:39]} 39. Re1 {[%clk 0:01:29]} Qf4
{[%clk 0:02:07]} 40. Qxf4 {[%clk 0:01:37]} Bxf4 {[%clk 0:02:15]} 41. Kg2
{[%clk 0:01:37]} Kf8 {[%clk 0:01:53]} 42. Kf3 {[%clk 0:01:44]} Bd6
{[%clk 0:02:02]} 43. Bc6 {[%clk 0:01:41]} Rc7 {[%clk 0:01:53]} 44. Re8+
{[%clk 0:01:44]} Kg7 {[%clk 0:02:02]} 45. Bd5 {[%clk 0:01:54]} Rd7
{[%clk 0:01:33]} 46. Bc6 {[%clk 0:01:59]} Rc7 {[%clk 0:01:42]} 47. Bd5
{[%clk 0:02:09]} Kf6 {[%clk 0:01:50]} 48. h4 {[%clk 0:01:43]} h6 {[%clk 0:01:56]}
49. Ke4 {[%clk 0:01:37]} Bg3 {[%clk 0:01:59]} 50. h5 {[%clk 0:01:38]} Bd6
{[%clk 0:01:55]} 51. hxg6 {[%clk 0:01:32]} Kxg6 {[%clk 0:02:04]} 52. Kf3
{[%clk 0:01:36]} Kf6 {[%clk 0:02:09]} 53. Rh8 {[%clk 0:01:39]} Kg7
{[%clk 0:02:07]} 54. Re8 {[%clk 0:01:46]} Kg6 {[%clk 0:01:24]} 55. Rg8+
{[%clk 0:01:53]} Kh7 {[%clk 0:01:30]} 56. Re8 {[%clk 0:02:01]} Kg7
{[%clk 0:01:40]} 57. Rd8 {[%clk 0:01:58]} Be5 {[%clk 0:01:40]} 58. Re8
{[%clk 0:01:59]} Kf6 {[%clk 0:01:46]} 59. Ke4 {[%clk 0:02:01]} Bd6
{[%clk 0:01:39]} 60. Kf3 {[%clk 0:02:08]} a5 {[%clk 0:00:35]} 61. Rh8
{[%clk 0:02:15]} Kg7 {[%clk 0:00:34]} 62. Re8 {[%clk 0:02:24]} Rd7
{[%clk 0:00:33]} 63. Bc6 {[%clk 0:02:11]} Ra7 {[%clk 0:00:24]} 64. Bd5
{[%clk 0:02:16]} Rc7 {[%clk 0:00:31]} 65. Rd8 {[%clk 0:02:16]} Bh2
{[%clk 0:00:32]} 66. Re8 {[%clk 0:02:22]} Rd7 {[%clk 0:00:36]} 67. Kg2
{[%clk 0:02:31]} Bd6 {[%clk 0:00:21]} 68. Kf3 {[%clk 0:02:40]} Bc5
{[%clk 0:00:30]} 69. Rb8 {[%clk 0:02:11]} Rd6 {[%clk 0:00:39]} 70. Re8
{[%clk 0:01:07]} Rf6+ {[%clk 0:00:46]} 71. Kg3 {[%clk 0:01:03]} Rf1
{[%clk 0:00:45]} 72. Rd8 {[%clk 0:00:42]} Kg6 {[%clk 0:00:41]} 73. Be4+
{[%clk 0:00:45]} Kf6 {[%clk 0:00:45]} 74. Bd5 {[%clk 0:00:52]} Ke7
{[%clk 0:00:32]} 75. Rh8 {[%clk 0:00:39]} Rf6 {[%clk 0:00:37]} 76. Ra8
{[%clk 0:00:34]} Rf1 {[%clk 0:00:37]} 77. Rh8 {[%clk 0:00:39]} Be3
{[%clk 0:00:40]} 78. Kg2 {[%clk 0:00:37]} Ra1 {[%clk 0:00:38]} 79. Bc6
{[%clk 0:00:38]} Kd6 {[%clk 0:00:35]} 80. Bb5 {[%clk 0:00:46]} Ra3
{[%clk 0:00:39]} 81. Re8 {[%clk 0:00:29]} Bf4 {[%clk 0:00:32]} 82. Kf2
{[%clk 0:00:38]} Be5 {[%clk 0:00:31]} 83. Rd8+ {[%clk 0:00:34]} Ke7
{[%clk 0:00:36]} 84. Rd7+ {[%clk 0:00:29]} Kf6 {[%clk 0:00:32]} 85. Rb7
{[%clk 0:00:38]} Bd4+ {[%clk 0:00:40]} 86. Kg2 {[%clk 0:00:48]} Re3
{[%clk 0:00:42]} 87. Rd7 {[%clk 0:00:55]} Bc5 {[%clk 0:00:47]} 88. Rd5
{[%clk 0:01:04]} Ke7 {[%clk 0:00:42]} 89. Rf5 {[%clk 0:00:58]} Bd6
{[%clk 0:00:37]} 90. Kf2 {[%clk 0:00:35]} Rc3 {[%clk 0:00:33]} 91. Rh5
{[%clk 0:00:21]} Bf4 {[%clk 0:00:41]} 92. Rf5 {[%clk 0:00:29]} Bg5
{[%clk 0:00:46]} 93. Rf3 {[%clk 0:00:30]} Bh4+ {[%clk 0:00:40]} 94. Ke2
{[%clk 0:00:30]} Rc2+ {[%clk 0:00:48]} 95. Kd3 {[%clk 0:00:39]} Rg2
{[%clk 0:00:52]} 96. Rf4 {[%clk 0:00:48]} Rg3+ {[%clk 0:00:52]} 97. Ke2
{[%clk 0:00:36]} Bg5 {[%clk 0:00:50]} 98. Re4+ {[%clk 0:00:45]} Kd6
{[%clk 0:00:55]} 99. Kf2 {[%clk 0:00:39]} Rc3 {[%clk 0:00:53]} 100. Ke2
{[%clk 0:00:43]} Kc5 {[%clk 0:00:49]} 101. Re8 {[%clk 0:00:19]} Kb4
{[%clk 0:00:44]} 102. Rb8 {[%clk 0:00:14]} Re3+ 103. Kf2 Re6 {[%clk 0:00:56]}
104. Rc8 {[%clk 0:00:29]} Be7 {[%clk 0:00:49]} 105. Kf3 {[%clk 0:00:26]} Rf6+
{[%clk 0:00:29]} 106. Kg2 {[%clk 0:00:25]} Rf4 {[%clk 0:00:24]} 107. Kg3
{[%clk 0:00:19]} Bd6 {[%clk 0:00:33]} 108. Rc6 {[%clk 0:00:28]} Be5
{[%clk 0:00:42]} 109. Kh3 Rf2 {[%clk 0:00:48]} 110. g5 {[%clk 0:00:36]} h5
{[%clk 0:00:55]} 0-1

[Event "TeamRussiamenrapid"]
[Site "?"]
[Date "2016.10.05"]
[Round "3.13"]
[White "Tregubov, Pavel V."]
[Black "Rakhmanov, Aleksandr"]
[Result "1/2-1/2"]
[LiveChessVersion "1.4.4"]
[BlackElo "2528"]
[WhiteElo "2580"]

1. d4 {[%clk 0:15:19]} Nf6 {[%clk 0:15:09]} 2. c4 {[%clk 8:05:28]} d6
{[%clk 0:15:17]} 3. Nf3 {[%clk 0:15:33]} g6 {[%clk 0:15:25]} 4. g3
{[%clk 0:15:41]} Bg7 {[%clk 0:15:33]} 5. Bg2 {[%clk 0:15:50]} c6 {[%clk 0:15:42]}
6. O-O {[%clk 0:15:56]} O-O {[%clk 0:15:49]} 7. Nc3 {[%clk 0:16:04]} Bf5
{[%clk 0:15:58]} 8. Ne1 {[%clk 0:15:59]} Be6 {[%clk 0:16:04]} 9. d5
{[%clk 0:15:46]} cxd5 {[%clk 0:16:10]} 10. cxd5 {[%clk 0:15:55]} Bd7
{[%clk 0:16:17]} 11. Nd3 {[%clk 0:15:50]} Na6 {[%clk 0:16:22]} 12. Bd2
{[%clk 0:14:30]} Qb6 {[%clk 0:16:12]} 13. b4 {[%clk 0:13:38]} Rfc8
{[%clk 0:16:08]} 14. Qb3 {[%clk 0:13:34]} Qd4 {[%clk 0:15:34]} 15. Rac1
{[%clk 0:13:28]} Qc4 {[%clk 0:12:25]} 16. Qb1 {[%clk 0:10:43]} Nc7
{[%clk 0:09:09]} 17. a4 {[%clk 0:10:34]} Qa6 {[%clk 0:08:56]} 18. b5
{[%clk 0:09:07]} Qb6 {[%clk 0:09:04]} 19. Qb3 {[%clk 0:08:01]} Nce8
{[%clk 0:07:42]} 20. Nb2 {[%clk 0:07:25]} Qd8 {[%clk 0:06:28]} 21. h3
{[%clk 0:07:27]} Nc7 {[%clk 0:06:23]} 22. e4 {[%clk 0:07:16]} Be8
{[%clk 0:06:31]} 23. Nd3 {[%clk 0:07:11]} Nd7 {[%clk 0:06:39]} 24. Be3
{[%clk 0:07:11]} Ne5 {[%clk 0:05:45]} 25. Nxe5 {[%clk 0:07:14]} Bxe5
{[%clk 0:05:50]} 26. Rc2 {[%clk 0:07:08]} Bd7 {[%clk 0:05:58]} 27. Rfc1
{[%clk 0:07:15]} Ne8 {[%clk 0:05:47]} 28. Kh2 {[%clk 0:06:58]} Bg7
{[%clk 0:05:25]} 29. Ne2 {[%clk 0:06:40]} Qa5 {[%clk 0:05:08]} 30. Nd4
{[%clk 0:05:35]} Rxc2 {[%clk 0:03:43]} 31. Rxc2 {[%clk 0:05:40]} a6
{[%clk 0:03:33]} 32. Bf1 {[%clk 0:03:20]} axb5 {[%clk 0:03:28]} 33. axb5
{[%clk 0:02:47]} Qa4 {[%clk 0:02:34]} 34. Qxa4 {[%clk 0:02:46]} Rxa4
{[%clk 0:02:43]} 35. Rc4 {[%clk 0:02:49]} Ra1 {[%clk 0:02:29]} 36. Be2
{[%clk 0:02:03]} Rb1 {[%clk 0:02:21]} 37. Ra4 {[%clk 0:01:33]} Bxd4
{[%clk 0:01:49]} 38. Bxd4 {[%clk 0:01:42]} Bxb5 {[%clk 0:01:56]} 39. Ra8
{[%clk 0:01:50]} Kf8 {[%clk 0:02:03]} 40. Be3 {[%clk 0:01:45]} f5
{[%clk 0:01:46]} 41. Bf3 {[%clk 0:01:28]} fxe4 42. Bxe4 Rb4 {[%clk 0:00:48]} 43.
Bf3 {[%clk 0:01:41]} Kf7 {[%clk 0:00:44]} 44. Bg4 {[%clk 0:01:43]} Ng7
{[%clk 0:00:33]} 45. Bh6 {[%clk 0:01:35]} Bd3 {[%clk 0:00:31]} 46. Rh8
{[%clk 0:01:34]} g5 {[%clk 0:00:37]} 47. Bxg5 {[%clk 0:01:41]} Be4
{[%clk 0:00:27]} 48. f3 {[%clk 0:00:52]} Bxd5 {[%clk 0:00:22]} 49. h4
{[%clk 0:01:01]} h5 {[%clk 0:00:26]} 50. Bxh5+ {[%clk 0:00:41]} Nxh5
{[%clk 0:00:35]} 51. Rxh5 {[%clk 0:00:51]} Bxf3 {[%clk 0:00:22]} 52. Rh7+
{[%clk 0:00:58]} Kg6 {[%clk 0:00:30]} 53. Rxe7 {[%clk 0:00:56]} Kh5
{[%clk 0:00:36]} 54. Kh3 {[%clk 0:00:44]} Bg4+ {[%clk 0:00:42]} 55. Kg2
{[%clk 0:00:54]} Rb2+ {[%clk 0:00:51]} 56. Kf1 {[%clk 0:00:59]} Bf3
{[%clk 0:00:41]} 57. Bf4 {[%clk 0:01:05]} Kg4 {[%clk 0:00:21]} 58. Rg7+
{[%clk 0:01:06]} Kf5 {[%clk 0:00:24]} 59. Bxd6 {[%clk 0:01:03]} Ke6
{[%clk 0:00:18]} 60. Bb8 {[%clk 0:01:09]} b5 {[%clk 0:00:26]} 61. Rg6+
{[%clk 0:01:09]} Kf7 {[%clk 0:00:22]} 62. Rb6 {[%clk 0:01:10]} Bg4
{[%clk 0:00:20]} 63. Be5 {[%clk 0:01:10]} Rb3 {[%clk 0:00:22]} 64. Kf2
{[%clk 0:01:04]} b4 {[%clk 0:00:27]} 65. Rf6+ {[%clk 0:01:06]} Ke7
{[%clk 0:00:36]} 66. Rf4 {[%clk 0:01:10]} Ke6 {[%clk 0:00:32]} 67. Bg7
{[%clk 0:00:47]} Bd1 {[%clk 0:00:41]} 68. Rd4 {[%clk 0:00:34]} Bf3
{[%clk 0:00:30]} 69. Bf8 {[%clk 0:00:36]} Bd5 {[%clk 0:00:35]} 70. Rf4
{[%clk 0:00:18]} Rb2+ {[%clk 0:00:39]} 71. Ke3 {[%clk 0:00:26]} Rg2
{[%clk 0:00:41]} 72. Bxb4 {[%clk 0:00:16]} Rxg3+ {[%clk 0:00:50]} 73. Kd4
{[%clk 0:00:26]} Bf3 {[%clk 0:00:34]} 74. Ke3 {[%clk 0:00:20]} Bh5+
{[%clk 0:00:38]} 75. Kf2 {[%clk 0:00:29]} Rg4 {[%clk 0:00:46]} 1/2-1/2

[Event "TeamRussiamenrapid"]
[Site "?"]
[Date "2016.10.05"]
[Round "3.15"]
[White "Bryzgalin, Kirill"]
[Black "Moiseenko, Vadim"]
[Result "1/2-1/2"]
[LiveChessVersion "1.4.4"]
[BlackElo "2463"]
[WhiteElo "2574"]

1. d4 {[%clk 0:15:18]} Nf6 {[%clk 0:15:14]} 2. Nf3 {[%clk 0:15:24]} b6
{[%clk 0:15:19]} 3. Bg5 {[%clk 0:15:26]} e6 {[%clk 0:14:54]} 4. Nbd2
{[%clk 0:15:34]} Bb7 {[%clk 0:14:59]} 5. c3 {[%clk 0:15:22]} Be7 {[%clk 0:14:13]}
6. e3 {[%clk 0:15:21]} d6 {[%clk 0:13:50]} 7. Bd3 {[%clk 0:15:26]} Nbd7
{[%clk 0:13:58]} 8. O-O {[%clk 0:15:33]} O-O {[%clk 0:13:55]} 9. Re1
{[%clk 0:15:35]} Nd5 {[%clk 0:13:23]} 10. Bxe7 {[%clk 0:15:35]} Qxe7
{[%clk 0:13:31]} 11. Bf1 {[%clk 0:15:29]} N5f6 {[%clk 0:13:23]} 12. a4
{[%clk 0:15:35]} a6 {[%clk 0:13:18]} 13. Qc2 {[%clk 0:14:24]} Rac8
{[%clk 0:13:13]} 14. Rad1 {[%clk 0:14:18]} Rfd8 {[%clk 0:13:19]} 15. h3
{[%clk 0:14:11]} h6 {[%clk 0:13:27]} 16. Qb3 {[%clk 0:14:09]} d5 {[%clk 0:12:43]}
17. Qa2 {[%clk 0:11:04]} c5 {[%clk 0:12:43]} 18. Qa3 {[%clk 0:10:21]} e5
{[%clk 0:12:11]} 19. dxe5 {[%clk 0:09:11]} Nxe5 {[%clk 0:12:20]} 20. a5
{[%clk 0:09:16]} b5 {[%clk 0:12:08]} 21. Nxe5 {[%clk 0:08:30]} Qxe5
{[%clk 0:12:16]} 22. b4 {[%clk 0:08:02]} cxb4 {[%clk 0:06:41]} 23. cxb4
{[%clk 0:08:10]} d4 {[%clk 0:06:51]} 24. Nb3 {[%clk 0:05:42]} dxe3
{[%clk 0:06:11]} 25. Rxe3 {[%clk 0:05:16]} Qf4 {[%clk 0:05:59]} 26. Rxd8+
{[%clk 0:04:54]} Rxd8 {[%clk 0:06:09]} 27. Nc5 {[%clk 0:04:54]} Rd2
{[%clk 0:05:24]} 28. Re2 {[%clk 0:04:36]} Rxe2 29. Bxe2 {[%clk 0:04:45]} Ne4
{[%clk 0:04:14]} 30. Nxe4 {[%clk 0:03:41]} Qxe4 {[%clk 0:04:21]} 31. Bf3
{[%clk 0:03:23]} Qe1+ {[%clk 0:03:59]} 32. Kh2 {[%clk 0:03:32]} Bxf3
{[%clk 0:03:05]} 33. Qxf3 {[%clk 0:03:40]} Qxb4 {[%clk 0:03:12]} 34. Qa8+
{[%clk 0:03:48]} Kh7 {[%clk 0:03:20]} 35. Qxa6 {[%clk 0:03:54]} Qf4+
{[%clk 0:03:27]} 36. Kg1 {[%clk 0:04:02]} Qc1+ {[%clk 0:03:36]} 37. Kh2
{[%clk 0:04:11]} Qf4+ {[%clk 0:03:45]} 1/2-1/2